000 00499nam a2200181 4500
999 _c171872
_d171872
005 20200122162105.0
010 _aENG-127514
020 _c399.00
_a9788187649908
035 _aEN-111046
037 _bDBAD/PUB
082 _a920
100 _aFelton,Monica
245 _aRajaji /
_cby Monika Felton
260 _aNew Delhi
_bKatha
_c2003
270 _aA-3 Sarvodaya Enclave Sri Aurobindo Marg
_bNew Delhi
_e110017
300 _a246p.
_c21cm(pbk)
942 _2ddc
_cEN
_h920
_mFEL